Mis-Matched Movies II Quiz Stats

Quiz Updated Aug 5, 2016

Also try: Mis-Matched Movies
Challenge
Share
Tweet
Score 0/30 Timer 05:00
1 Play Today
% Correct
The 40 Dalmatians
98.6%
Raiders of Arabia
94.6%
The Green Cuckoo's Nest
94.2%
A Nightmare Street
94.1%
Into Nemo
94.1%
Rain Meatballs
94%
While You Were in Seattle
93.6%
Monty Python and A Space Odyssey
93.6%
Star Wars: Episode II – Attack of Sally
92.5%
Pride & Lady
92.1%
The Jungle University
91.8%
The Lion Dictator
91.4%
Free October
91.4%
Land of the Ugly
90.5%
The Sisterhood of the Traveling China
89.9%
% Correct
Terminator 2: Christmas
89.1%
Happy Kissed
87.8%
A League Party
87.2%
Other People's Management
86.9%
Apocalypse Heaven
86.6%
Flying on a Plane
86.2%
Mean Bang Bang
85.6%
Days of Demons
83%
The Hateful Circuit
82.8%
Die I Go to Sleep
82.8%
Bad Goats
80.6%
White Kid
79.5%
Once Upon a Time in a Dream
77.9%
Amazing Earth
72.5%
Spirited Thieves
72.2%

You're not logged in!

Compare scores with friends on all Sporcle quizzes.
Sign Up with Email
OR
Log In

You Might Also Like...

Show Comments

Extras

Top Quizzes Today


Score Distribution

Your Account Isn't Verified!

In order to create a playlist on Sporcle, you need to verify the email address you used during registration. Go to your Sporcle Settings to finish the process.